| 000 | 00529nam a2200193 4500 | ||
|---|---|---|---|
| 003 | SEACOMEC | ||
| 005 | 20241204130224.0 | ||
| 008 | 241204b |||||||| |||| 00| 0 eng d | ||
| 020 |
_a978-8131702055 _c299.00 |
||
| 040 | _aSEACOMEC | ||
| 082 |
_a004 _bA285 |
||
| 100 | _a Aho, Alfred V | ||
| 245 |
_aThe Design and analysis of computer algorithms / _cAlfred V Aho |
||
| 260 |
_aNew Delhi : _bPearson Education Asia, _c 2007 |
||
| 300 | _ax,470 | ||
| 700 | _aHopcroft, John E | ||
| 700 | _aUllman, Jeffrey D | ||
| 942 | _cBOOK | ||
| 999 |
_c1860 _d1860 |
||